Loading...
| Current Events | 1 | 10.00 | 100% | 0% | 0% |
| Fine Arts - Classical Music | 5 | 8.00 | 80% | 0% | 0% |
| Fine Arts - Other | 4 | 15.00 | 100% | 50% | 0% |
| Fine Arts - Painting and Sculpture | 6 | 10.00 | 83% | 0% | 17% |
| Geography | 1 | 10.00 | 100% | 0% | 0% |
| History - American | 4 | 12.50 | 100% | 25% | 0% |
| History - European | 4 | 17.50 | 100% | 75% | 0% |
| History - Other | 4 | 12.50 | 75% | 50% | 0% |
| History - World | 4 | 7.50 | 50% | 25% | 0% |
| Literature - American | 6 | 16.67 | 100% | 33% | 33% |
| Literature - British | 3 | 13.33 | 100% | 33% | 0% |
| Literature - European | 5 | 16.00 | 100% | 40% | 20% |
| Literature - World | 5 | 14.00 | 100% | 40% | 0% |
| Mythology | 3 | 16.67 | 100% | 67% | 0% |
| Philosophy | 1 | 10.00 | 100% | 0% | 0% |
| Pop Culture | 1 | 30.00 | 100% | 100% | 100% |
| Religion | 5 | 10.00 | 40% | 40% | 20% |
| Science - Biology | 2 | 10.00 | 100% | 0% | 0% |
| Science - Chemistry | 2 | 15.00 | 50% | 100% | 0% |
| Science - Other | 4 | 20.00 | 100% | 75% | 25% |
| Science - Physics | 3 | 20.00 | 100% | 67% | 33% |
| Social Science | 3 | 16.67 | 100% | 67% | 0% |